| 000 | 00450nam a2200169Ia 4500 | ||
|---|---|---|---|
| 008 | 230524s9999 xx 000 0 und d | ||
| 082 |
_a574.192 _bMUR |
||
| 100 | _aRobert K.Murray | ||
| 245 | 0 | _aHarper's Illustrated Biochemistry | |
| 250 | _a1ST | ||
| 260 |
_aNEW DELHI _bMGH _c2003 |
||
| 300 | _aVI;643 | ||
| 500 | _aQuantity Number: 3 | ||
| 650 | _aBiomedical | ||
| 700 | _a"Daryl K.Granner,Peter A.Mayes , Victor W.Rodwell,," | ||
| 942 | _cBK | ||
| 999 |
_c31917 _d31917 |
||